| 000 | 00851cam a2200193 4500 | ||
|---|---|---|---|
| 001 | ABS60868 | ||
| 008 | 000000n1999 000 0 eng u | ||
| 035 | _a(Sirsi) u101379 | ||
| 245 | _aStamp duty and leases. | ||
| 260 | _c1999 | ||
| 490 |
_aLaw Society's Gazette _v6(24) 16 June 1999, 45(1) |
||
| 520 | _aReprints a Stamp Office customer newsletter relating to the new approach to leases which contain rent review clauses linked to changes in the RPI. Indicates that where there is a formula in the lease for rent reviews based on the RPI, only the change in RPI between the date the lease begins and the date it is executed will be taken into account in working out stamp duty. | ||
| 650 | _aSTAMP DUTY | ||
| 650 | _aALL ITEMS RETAIL PRICES INDEX | ||
| 650 | _aRENT REVIEW CLAUSES | ||
| 650 | _aLEASES | ||
| 690 | _aTAXATION | ||
| 942 | _n0 | ||
| 999 |
_c60523 _d60523 |
||